000 00472nam a22001817a 4500
003 MPLRDC
005 20220104195939.0
008 210129b ||||| |||| 00| 0 eng d
020 _aISSN1394-9152
082 _a050.9 BJSH v.151
100 _a黄暹燕 主编
245 _a保健生活 V.151
_c
250 _a初版
260 _a马来西亚
_b广进企业
_c2006
300 _b
650 _a期刊--保健生活 KEHIDUPAN SIHAT
942 _cMGZ
_o050.9 BJSH v.151
999 _c66437
_d66427